000 00456nam a2200169Ia 4500
008 230718s9999 xx 000 0 und d
020 _a9780194575430
041 _aeng
082 _a428.2
_bHOL
100 _aHollett V.
245 _aTech Talk Intermediate : Teacher's Book
260 _c2015
_bOxford
300 _a95
365 _cRs.
_b445.00
700 _aHollett V. & Sydes J.
906 _dO:0510906-Jun-2016B:SE/SI/310629-Apr-2016
_cGENRL
_b124.6
999 _c342137
_d342137